Pays cachés dans des phrases - Statistiques

Statistiques générales
  • Ce quiz a été pris 71 fois
  • Le résultat moyen est 5 sur 12
Statistiques - réponses
Hint Réponse % Correct
Une étrange anomalie fut détectée dans les données du laboratoire. Mali
78%
Malgré la souffrance causée par la blessure, il continua sa route. France
76%
L'incubateur du laboratoire maintenait les œufs à température constante. Cuba
62%
Les dindes défilaient fièrement à travers la basse-cour au petit matin. Inde
53%
Un vagabond s'arrêta sous l'auvent pour s'abriter de la pluie. Gabon
49%
Les guirlandes de fleurs ornaient le porche de la vieille église. Irlande
47%
Booba et Kaaris s'affrontent dans l'octogone. Togo
40%
L'hospitalier accueillait chaque voyageur avec un sourire chaleureux. Italie
38%
Lors du carnaval, les enfants lançaient des lance-grenades remplis de confettis colorés. Grenade
33%
La diphtongaison de certaines voyelles rendait la langue difficile à apprendre. Tonga
24%
Chaque soir, vous souhaitiez pouvoir contempler les étoiles depuis la colline. Haiti
16%
Un mystérieux payement anonyme solda toutes les dettes du vieux libraire. Yemen
13%
Aucun quiz correspondant
Distribution des résultats
% des personnes avec chaque résultat
Percentile par nombre de réponses
Votre historique - résultats
Vous n’avez pas pris ce quiz